000 00474nam a22001697a 4500
003 SGT
020 _a9789393553492
082 _a616.89
_bK23S
100 _aSADOCK, BENJAMIN J .ed.
245 _aKAPLAN & SODOCK'S COMPREHENSIVE TEXT BOOK OF PSYCHIATRY
250 _a10TH
260 _aNEW YORK
_bWOLTERS KLUWER
_c2023
300 _a2176,I-127
650 _a PSYCHIATRY
653 _aPSYCHIATRY, COMPREHENSIVE PSYCHIATRY, KAPLAN & SODOCK'S PSYCHIATRY
942 _2ddc
_cBK
999 _c23838
_d23838